000
00256nam a2200097Ia 4500
001
724356
005
20250826163349.0
008
250824s9999 xx 000 0 und d
245
0
_a
NEREDEN NEREYE BULUŞLAR
_c
ANNA CLAYBOURNE
260
_b
GENÇ TİMAŞ YAYINLARI
999
_c
724356
_d
724356